000 02129cab a22002655a 4500
001 L142332
008 080206e2007 xxk 000 0 eng d
035 _a(Sirsi) u142332
041 0 _aeng
245 0 0 _aAnderson Antiques (UK) Ltd v Anderson Wharf (Hull) Ltd and Akrill
260 _c2007
520 _a[2007] EWHC 2086 (Ch), 23 May 2007. Considers whether it is possible to rely upon proprietary estoppel to justify notices of registration against a landowner's registered title, for the purposes of property development. Also considers the extent of personal liability of company directors. The applicant company (A) sought the cancellation of notices registered by the first respondent company against registered titles to its development site. The defendant (W) alleged that A had entered into verbal contract to sell the land, which A denied. W claimed to have acted in detrimental reliance by making preparations for purchase of the land. "Held": The precise boundaries of proprietary estoppel law were uncertain. Additionally, W's claims were less than entirely credible and could not hold the weight that documentary evidence would have done. Summary judgment was given against W. It was declared that W had no interest in the site, and additionally that the notices of registration be cancelled. W was liable for any loss of value incurred by A. The facts disclosed a clear case of procurement by W's company director, Mr Akrill, sufficient to make him also liable for costs.
590 _aKA
650 2 4 _aANDERSON ANTIQUES (UK) LTD V ANDERSON WHARF (HULL) LTD AND AKRILL
650 2 4 _aLAND REGISTRATION ACT 2002 S77
650 2 4 _aLAW OF PROPERTY (MISCELLANEOUS PROVISIONS) ACT 1989 S2
650 2 4 _aYAXLEY V GOTTS
650 2 4 _aCOBBE V YEOMAN'S ROW MANAGEMENT LTD
651 4 _aEngland and Wales
_y1543-
690 _aPlanning and development
_96259
690 _aPROPERTY-RURAL AND NATURAL ASSETS-LAND
690 _aPROPERTY-PROPERTY ACQUISITION AND DISPOSAL
856 4 0 _uhttps://www.bailii.org/ew/cases/EWHC/Ch/2007/2086.html
_zView the judgment free of charge at www.bailii.org...
942 _n0
999 _c79776
_d79776